000 01906nam a2200289Ia 4500
999 _c50898
_d50898
001 17853
003 GE_BSU
005 20250218164505.0
008 181216s||||||||xx |||||||||||||| ||und||
020 _a9789941241154
040 _cGE_BSU
041 _ageo
080 _a27-36 წ-71
245 _aწმინდა ანტიპა მოლდაველი ; წმინდა ნიკოლოზ სერბი /
_cშემდგენელი კახაბერ კენკიშვილი ; გარეკანის დიზაინი რატი თორდია.
264 _aთბილისი :
_bპალიტრა L,
_c2015.
300 _a235 გვ. ;
_c20 სმ.
490 _aსაქართველოს იმედი II : ყველა წმინდანი, რომელთა შესახებაც უნდა იცოდე, 2298-0547 / პროექტის რედაქტორი თამარ მამაცაშვილი ;
_vწიგნი 35.
500 _aიბეჭდება სრ. საქართველოს კათოლიკოს-პატრიარქის, უწმინდესისა და უნეტარესის ილია II-ის ლოცვა-კურთხევით
541 _h2 ლ.
653 _aრელიგია
653 _aწმინდა ანტიპა მოლდაველი
653 _a წმინდა ნიკოლოზ სერბი
700 _aკენკიშვილი, კახაბერ
_eშემდგენელი
_924389
700 _aმამაცაშვილი, თამარ
_eპროქტის რედაქტორი
_924390
710 _aთორდია, რატი
_bგარეკანის დიზაინერი
_924391
942 _cBK
_2udc